|
|
|
|
| LEADER |
00000nkm a2200000 a 4500 |
| 001 |
vtls001406378 |
| 003 |
SK-MaSNL |
| 005 |
20260512123829.0 |
| 007 |
kp bo |
| 008 |
231120q1919 xo g 0k|slo |
| 015 |
|
|
|a SNBG
|
| 035 |
|
|
|a SNK000361019
|
| 035 |
|
|
|a urn:nbn:sk:snk-km43e1u
|
| 035 |
|
|
|a CC8F6FFA-F348-4B3B-9AE3-7E06C3C43506
|
| 035 |
|
|
|a urn:nbn:sk:snk-km00eey7
|
| 040 |
|
|
|a SNK
|b slo
|c SNK
|e AACR2
|
| 041 |
0 |
|
|a slo
|
| 043 |
|
|
|a e-xo---
|
| 044 |
|
|
|a xo
|c SK
|
| 072 |
|
7 |
|a 913
|x Regionálna geografia
|2 konspekt
|
| 080 |
|
|
|a 913(437.6)
|2 2011
|
| 080 |
|
|
|a (084.121)
|2 2011
|
| 080 |
|
|
|a 373.6:33
|2 2011
|
| 245 |
0 |
0 |
|a Turč. Sv. Martin - budova čsl. obchodnej akademie a mĕšť. škôl
|h grafika
|
| 260 |
|
|
|a [Martin]
|b [vydavateľ neznámy]
|c [medzi 1919 a 1925?]
|
| 300 |
|
|
|a 1 pohľadnica
|b čiernobiela
|c 9 x 14 cm
|
| 500 |
|
|
|a Názvové údaje prevzaté z obrazovej strany pohľadnice
|
| 500 |
|
|
|a Na adresnej časti uvedené: "V prospech stavby "Sokolovne" v Turč. Sv. Martine"
|
| 520 |
8 |
|
|a Zobrazenie: Pohľad na budovu obchodnej akadémie
|
| 650 |
0 |
7 |
|a obchodné akadémie
|2 SNKPH
|9 68296
|
| 651 |
|
7 |
|a Martin (Slovensko)
|2 SNKPHgeo
|9 16875
|
| 655 |
|
7 |
|a miestne pohľadnice
|2 SNKPH
|9 70510
|
| 852 |
|
|
|a Slovenská národná knižnica
|
| 958 |
|
|
|a ONDV
|
| 958 |
|
|
|a GBN
|
| 958 |
|
|
|a GC
|
| 999 |
|
|
|c 811640
|d 813570
|
| 952 |
|
|
|t P60, <03>, [BOOK], {603}
|a SNK
|b SNK
|y PREZ
|7 0
|p 17A0172390
|o snkSP 42894
|0 0
|1 0
|4 0
|d 2001-02-02
|f 1
|l 0
|r 2005-01-02 00:00:00
|w 2026-02-24
|
| 952 |
|
|
|a SNK
|b SNK
|y PREZ
|7 0
|p 17A1286346
|o snkSP 42894 D1
|0 0
|1 0
|4 0
|d 2019-10-14
|l 0
|r 2026-02-24 02:38:26
|w 2026-02-24
|